Princess Rosa's winter / (Record no. 2323)

MARC details
000 -LEADER
fixed length control field 01112cam a22003133a 4500
005 - DATE AND TIME OF LATEST TRANSACTION
control field 20240719091124.0
020 ## - INTERNATIONAL STANDARD BOOK NUMBER
International Standard Book Number 9780753458594
040 ## - CATALOGING SOURCE
Original cataloging agency EOW
Transcribing agency EOW
Modifying agency LEO
-- DLC
Language of cataloging eng
050 00 - LIBRARY OF CONGRESS CALL NUMBER
Classification number MLCM 2006/43136
082 ## - DEWEY DECIMAL CLASSIFICATION NUMBER
Classification number 823.914
100 1# - MAIN ENTRY--PERSONAL NAME
Personal name Hindley, Judy
245 10 - TITLE STATEMENT
Title Princess Rosa's winter /
Statement of responsibility, etc. Judy Hindley ; illustrated by Margaret Chamberlain.
250 ## - EDITION STATEMENT
Edition statement First published by Kingfisher in 1997
260 ## - PUBLICATION, DISTRIBUTION, ETC.
Place of publication, distribution, etc. Boston :
Name of publisher, distributor, etc. Kingfisher,
Date of publication, distribution, etc. 2005.
300 ## - PHYSICAL DESCRIPTION
Extent 46 pages :
Other physical details illustrations
Dimensions 23 cm
500 ## - GENERAL NOTE
General note Originally published in 1997.
505 ## - FORMATTED CONTENTS NOTE
Formatted contents note J<br/>
520 ## - SUMMARY, ETC.
Summary, etc. Little Princess Rosa is bored - in the depth of winter, life in a medieval castle is cold and dull. Then the arrival of a mysterious cloaked figure changes everything.
521 ## - TARGET AUDIENCE NOTE
Target audience note 500 <br/>
Source Lexile estimate<br/>
521 ## - TARGET AUDIENCE NOTE
Target audience note J<br/>
Source Raz-Plus
650 #1 - SUBJECT ADDED ENTRY--TOPICAL TERM
Topical term or geographic name entry element Princesses
Form subdivision Fiction.
650 #1 - SUBJECT ADDED ENTRY--TOPICAL TERM
Topical term or geographic name entry element Winter
Form subdivision Fiction.
650 #0 - SUBJECT ADDED ENTRY--TOPICAL TERM
Topical term or geographic name entry element Princesses
Form subdivision Juvenile fiction.
650 #0 - SUBJECT ADDED ENTRY--TOPICAL TERM
Topical term or geographic name entry element Winter
Form subdivision Juvenile fiction.
700 1# - ADDED ENTRY--PERSONAL NAME
Personal name Chamberlain, Margaret
Relator term illustrator
906 ## - LOCAL DATA ELEMENT F, LDF (RLIN)
a 7
b cbc
c copycat
d 2
e ncip
f 20
g y-gencatlg
942 ## - ADDED ENTRY ELEMENTS (KOHA)
Source of classification or shelving scheme Dewey Decimal Classification
Koha item type Books
Suppress in OPAC No
999 ## -
-- 2323
-- 2323
Holdings
Withdrawn status Lost status Source of classification or shelving scheme Damaged status Not for loan Collection Home library Current library Shelving location Date acquired Total Checkouts Full call number Barcode Date last seen Copy number Price effective from Koha item type
    Dewey Decimal Classification     Juvenile Fiction Footprints International School Library Network Toul Kork Campus Footprints International School Library Network Toul Kork Campus TK Primary Library Room(4th Floor), Bookcase 1&2, Shelves 1-16, Dark Blue Books 11/16/2023   HIN 823.914 MLCM 2006/43136 FISTK00819 11/16/2023 1 11/16/2023 Books
    Dewey Decimal Classification     Juvenile Fiction Footprints International School Library Network Toul Kork Campus Footprints International School Library Network Toul Kork Campus   11/16/2023   HIN 823.914 MLCM 2006/43136 FIS02924 02/23/2024 2 11/16/2023 Books